[Event "ch-ESP"]
[Site "El Sauzal ESP"]
[Date "2010.09.10"]
[Round "7"]
[White "Camino Carrio,N"]
[Black "Nortes Hernandez,P"]
[Result "1/2-1/2"]
[WhiteElo "2137"]
[BlackElo "2020"]

1.e4 c5 2.Nf3 e6 3.d4 cxd4 4.Nxd4 Nc6 5.Nc3 a6 6.g3 Qc7 7.Bg2 Nf6 8.Bf4 d6
9.Nxc6 bxc6 10.O-O Be7 11.e5 dxe5 12.Bxe5 Qb7 13.Bxf6 gxf6 14.Ne4 O-O 15.Qd4 e5
16.Qc3 Rb8 17.b3 f5 18.Nd2 e4 19.Rad1 Be6 20.Nc4 Qb4 21.Qxb4 Rxb4 22.Nb2 c5
23.Rfe1 Rd4 24.c3 Rdd8 25.Rxd8 Rxd8 26.Rd1 Rxd1+ 27.Nxd1 c4 28.b4 Bg5 29.Bf1 f4
30.gxf4 Bxf4 31.Ne3 Kf8 32.Nxc4 Bxc4 33.Bxc4 Bd2 34.Bxa6 Bxc3 35.b5 Ba5 36.Bb7 f5
37.Bc8 f4 38.Kf1 e3 39.Ke2 exf2 40.Kxf2 Ke7 41.Kf3 Kd8 42.Bf5 h6 43.h3 Kc7
44.Kxf4 Bd2+  1/2-1/2

[Event "Open"]
[Site "Livigno ITA"]
[Date "2010.09.11"]
[Round "2"]
[White "Yudkovsky,Y"]
[Black "Rotstein,A"]
[Result "0-1"]
[WhiteElo "2315"]
[BlackElo "2542"]

1.e4 c5 2.Nf3 e6 3.d4 cxd4 4.Nxd4 Nc6 5.Nc3 Qc7 6.Nb3 a6 7.Bd3 Nf6 8.O-O Be7
9.f4 d6 10.Qf3 O-O 11.Bd2 Nb4 12.Kh1 Nxd3 13.cxd3 b5 14.Rac1 Qd7 15.Nd4 Bb7
16.Qh3 b4 17.Nce2 a5 18.Rf3 Rac8 19.Rcf1 g6 20.Rg3 Kh8 21.f5 exf5 22.exf5 Nh5
23.Rg4 Bf6 24.Bg5 Qe7 25.Bxf6+ Qxf6 26.Rh4 Rfe8 27.Kg1 Qg5 28.fxg6 fxg6 29.Rg4 Qe5
30.Rh4 Rf8 31.Rxf8+ Rxf8 32.Qe6 Bd5 33.Qxe5+ dxe5 34.Nb3 a4 35.Nd2 Nf4 36.Nxf4 exf4
37.Nc4 Kg7 38.Rh3 g5 39.Kf1 Rc8 40.b3 axb3 41.axb3 Ra8 42.d4 Ra1+ 43.Kf2 Ra2+
44.Ke1 Rxg2 45.Nb6 Be4 46.d5 f3 47.d6 Re2+ 48.Kf1 Rd2 49.d7 Kf6 50.Ke1 Re2+
51.Kf1 Ke7 52.Rg3 Rc2 53.Ke1 h5 54.Nc4 h4 55.Rh3 g4  0-1

[Event "e2e4 Open"]
[Site "Sunningdale ENG"]
[Date "2010.09.11"]
[Round "2"]
[White "Franklin,S"]
[Black "Thomassen,T"]
[Result "1-0"]
[WhiteElo "2133"]
[BlackElo "2020"]

1.e4 c5 2.Nf3 e6 3.d4 cxd4 4.Nxd4 Nc6 5.Nc3 Qc7 6.Be3 a6 7.Qd2 Nf6 8.O-O-O Bb4
9.f3 Ne5 10.Nb3 d5 11.Bd4 O-O 12.a3 Bd6 13.exd5 exd5 14.Qf2 Be6 15.g3 b5
16.f4 Nfg4 17.fxe5 Nxf2 18.exd6 Qxd6 19.Bxf2 Rac8 20.Bg2 b4 21.axb4 Qxb4
22.Rd4 Rc4 23.Rhd1 Rfc8 24.Kb1 g6 25.Nxd5 Bxd5 26.Bxd5 Rxd4 27.Bxd4 Qe7 28.Rf1 Rc7
29.Bxf7+ Kf8 30.Bxg6+ Kg8 31.Bf7+ Kf8 32.Bb6  1-0

[Event "e2e4 Open"]
[Site "Sunningdale ENG"]
[Date "2010.09.11"]
[Round "4"]
[White "Sagues,V"]
[Black "Thomassen,T"]
[Result "1/2-1/2"]
[WhiteElo "1945"]
[BlackElo "2020"]

1.e4 c5 2.Nf3 e6 3.d4 cxd4 4.Nxd4 Nc6 5.Nc3 Qc7 6.Be3 a6 7.Bd3 Nf6 8.O-O Ne5
9.h3 Bc5 10.Kh1 d6 11.f4 Ng6 12.Qe1 O-O 13.Nb3 Bxe3 14.Qxe3 b5 15.a3 Bb7
16.f5 Ne5 17.Qg5 Kh8 18.Nd4 Rae8 19.Qh4 Qc5 20.Nf3 exf5 21.Nxe5 Rxe5 22.exf5 Rfe8
23.Rae1 Re3 24.Rxe3 Qxe3 25.Kh2 Kg8 26.Qf4 Qc5 27.Qf2 Re3 28.Nd1 Qe5+ 29.Qf4 Qxf4+
30.Rxf4 Re1 31.Nc3 Kf8 32.Rf2 Ke7 33.Re2+ Rxe2 34.Nxe2 Nd7 35.g4 Kf6 36.Kg3 Ke5
37.Kf2 Nc5 38.Ke3 Bd5 39.Nf4 Bc4 40.b3 Bxd3 41.Nxd3+ Nxd3 42.cxd3 a5 43.d4+ Kd5
44.Kd3 f6 45.h4 h6 46.h5 Kc6  1/2-1/2

[Event "11th WUCC Women"]
[Site "Zuerich SUI"]
[Date "2010.09.11"]
[Round "9"]
[White "Lestari,B"]
[Black "Hoolt,S"]
[Result "0-1"]
[WhiteElo "2177"]
[BlackElo "2251"]

1.e4 c5 2.Nf3 e6 3.d4 cxd4 4.Nxd4 Nc6 5.Nc3 Qc7 6.Be3 a6 7.Bd3 Nf6 8.O-O Ne5
9.h3 d6 10.Qe2 Be7 11.f4 Ng6 12.Qf2 O-O 13.Nf3 b5 14.a3 Bb7 15.g4 Rac8 16.g5 Nd7
17.h4 d5 18.e5 Bc5 19.Nd4 Ngxe5 20.fxe5 Nxe5 21.Be2 Nd7 22.Nf3 Bxe3 23.Qxe3 Qg3+
24.Kh1 Qh3+ 25.Kg1 e5 26.Qf2 d4 27.Nh2 f5 28.gxf6 Nxf6 29.Nxb5 axb5 30.Bxb5 Rxc2
31.Be2 Rxe2  0-1

[Event "TCh-ROU Superliga w"]
[Site "Baile Herculane ROU"]
[Date "2010.09.12"]
[Round "9"]
[White "Uta,Ad"]
[Black "Bulmaga,I"]
[Result "1/2-1/2"]
[WhiteElo "2087"]
[BlackElo "2267"]

1.e4 c5 2.Nf3 e6 3.d4 cxd4 4.Nxd4 Nc6 5.Nc3 Qc7 6.Be3 a6 7.Qd2 Nf6 8.f3 Ne5
9.O-O-O b5 10.g4 h6 11.h4 b4 12.Nb1 d5 13.Be2 dxe4 14.g5 hxg5 15.hxg5 Rxh1
16.Rxh1 Nd5 17.fxe4 Nxe3 18.Qxe3 Bb7 19.Nd2 O-O-O 20.N4f3 Bc5 21.Qb3 Nxf3
22.Qxf3 Qe7 23.Bd3 Bd4 24.Rf1 Rd7 25.Qf4 Qc5 26.Nb3 Be3+ 27.Kb1 Qxg5 28.Qxg5 Bxg5
29.Nc5 Re7 30.Nxa6 Bxa6 31.Bxa6+ Kc7 32.c3 Kb6 33.Bd3 bxc3 34.bxc3 Ra7 35.Kb2 Kc5
36.Kb3 Rd7 37.Rf3 Rb7+ 38.Kc2 Ra7 39.Kb3 Bf6 40.a4 Be5 41.Rf1 g5 42.Be2 Bf4
43.Ra1 Kb6 44.a5+ Rxa5 45.Rxa5 Kxa5 46.Bh5 f6 47.Bg4 Kb5 48.Bxe6 Kc5 49.Kc2 Kd6
50.Bf5 Ke5 51.Kd3 Bc1 52.Ke2 Kf4 53.Kf2 Bb2 54.c4 Bd4+ 55.Kg2  1/2-1/2

[Event "FSGM September"]
[Site "Budapest HUN"]
[Date "2010.09.12"]
[Round "9"]
[White "Eid,Fa"]
[Black "Bui Vinh"]
[Result "1-0"]
[WhiteElo "2387"]
[BlackElo "2449"]

1.e4 c5 2.Nf3 e6 3.d4 cxd4 4.Nxd4 Nc6 5.Nc3 a6 6.a3 Qc7 7.Be3 Nf6 8.f4 d6
9.Qf3 Bd7 10.O-O-O Rc8 11.g4 e5 12.Nf5 exf4 13.Bxf4 Ne5 14.Bxe5 dxe5 15.g5 Ng8
16.Bd3 g6 17.Nd5 Qd8 18.Qg3 Bxf5 19.Qxe5+ Be6 20.h4 Be7 21.Qxh8 Kf8 22.Nxe7 Qxe7
23.Rhf1 Bh3 24.Rh1 Be6 25.Rdf1 b5 26.Qd4 Rd8 27.Qb4 Qxb4 28.axb4 Ne7 29.Rd1 Nc6
30.c3 Ke7 31.Be2 Rc8 32.Kd2 h6 33.Ra1 Rd8+ 34.Ke3 Bc8 35.gxh6 Rh8 36.Rag1 Kf6
37.Kf4 Nd8 38.Bd1 Rxh6 39.Bb3 Nc6 40.Rg5 Rh8 41.Rc5 Bd7 42.Kg3 Ke7 43.Ra1 Nb8
44.Re5+ Kf6 45.Rg5 Ke7 46.Bd5 Rh6 47.e5 Rh8 48.Rf1 Be8 49.Rf6 Rf8 50.b3 Bd7
51.c4 Bf5 52.Rb6 Nd7 53.Rb7 Rc8 54.h5 Ke8 55.Kf4 Ke7 56.c5  1-0

[Event "ch-ESP"]
[Site "El Sauzal ESP"]
[Date "2010.09.12"]
[Round "9"]
[White "Alonso Contreras,M"]
[Black "Padilla Mendez,Vicente"]
[Result "1-0"]
[WhiteElo "1980"]
[BlackElo "1792"]

1.e4 c5 2.Nf3 Nc6 3.d4 cxd4 4.Nxd4 e6 5.Nc3 a6 6.Be2 Nf6 7.O-O Qc7 8.Be3 Be7
9.Nb3 O-O 10.f4 d6 11.a4 b6 12.Bf3 Bb7 13.g4 Nd7 14.g5 Nc5 15.Bg2 Rad8 16.Qh5 Nb4
17.Rf2 Nxc2 18.Rxc2 Nxb3 19.Rf1 Nc5 20.Rf3 g6 21.Qh6 f5 22.Rh3 Rf7 23.Nd5 exd5
24.exf5 Bf8 25.Qh4 Rxf5 26.b4 Qe7 27.Bd4 Ne4 28.Bxe4 dxe4 29.Bf6 Rxf6 30.gxf6 Qf7
31.f5 h6 32.fxg6 Qe6 33.g7 Bxg7 34.fxg7 Rd7 35.Rg3 e3 36.Qc4 d5 37.Qc8+ Bxc8
38.Rxc8+ Kh7 39.Rh8+  1-0

[Event "ch-ESP"]
[Site "El Sauzal ESP"]
[Date "2010.09.12"]
[Round "9"]
[White "Farran Martos,F"]
[Black "Nortes Hernandez,P"]
[Result "1-0"]
[WhiteElo "2287"]
[BlackElo "2020"]

1.e4 c5 2.Nf3 e6 3.d4 cxd4 4.Nxd4 Nc6 5.Nc3 a6 6.Be2 Qc7 7.O-O Nf6 8.Kh1 Be7
9.f4 d6 10.Be3 O-O 11.Qe1 b5 12.Nxc6 Qxc6 13.e5 Nd5 14.Nxd5 exd5 15.Bd3 dxe5
16.fxe5 g6 17.Qg3 Qd7 18.Bh6 Re8 19.Rxf7 Bh4 20.e6  1-0

[Event "TCh-CHN"]
[Site "Guangzhou CHN"]
[Date "2010.09.12"]
[Round "12"]
[White "Gao Rui"]
[Black "Liang Jinrong"]
[Result "1/2-1/2"]
[WhiteElo "2464"]
[BlackElo "2462"]

1.e4 c5 2.Nf3 e6 3.d4 cxd4 4.Nxd4 Nc6 5.Nc3 Qc7 6.Be3 a6 7.Qd2 Nf6 8.O-O-O Bb4
9.f3 Ne7 10.g4 d5 11.g5 Nd7 12.a3 Bxc3 13.Qxc3 Qxc3 14.bxc3 dxe4 15.fxe4 b6
16.Nb3 Bb7 17.Bg2 Ng6 18.h4 Nge5 19.Bf4 Rc8 20.Rh3 Nc4 21.a4 Nde5 22.h5 O-O
23.Rg3 Rfe8 24.Rd4 b5 25.axb5 axb5 26.Bxe5 Nxe5 27.Rb4 Bc6 28.Bf1 Rb8 29.Nd4 Rec8
30.Nxc6 Rxc6  1/2-1/2

[Event "Open"]
[Site "Livigno ITA"]
[Date "2010.09.14"]
[Round "5"]
[White "Milenkovic,M"]
[Black "Bove,A"]
[Result "1/2-1/2"]
[WhiteElo "2406"]
[BlackElo "2397"]

1.e4 c5 2.Nf3 e6 3.d4 cxd4 4.Nxd4 Nc6 5.Nc3 Qc7 6.Be2 a6 7.O-O Nf6 8.Be3 Be7
9.f4 d6 10.Qe1 O-O 11.Qg3 Nxd4 12.Bxd4 b5 13.e5 dxe5 14.Bxe5 Qb6+ 15.Kh1 Bb7
16.f5 exf5 17.Rxf5 g6 18.Bd3 b4 19.Raf1 bxc3 20.Rxf6 Bxf6 21.Rxf6 Qxb2 22.h4 Qc1+
23.Kh2 Qh6 24.Bf4 Qg7 25.Be5 Qh6 26.Bf4 Qg7 27.Be5  1/2-1/2

[Event "WCh w Blitz Semi-Final"]
[Site "Moscow RUS"]
[Date "2010.09.15"]
[Round "1"]
[White "Meshcheriakova,E"]
[Black "Krush,I"]
[Result "1-0"]
[WhiteElo "2260"]
[BlackElo "2490"]

1.e4 c5 2.Nf3 e6 3.Nc3 Nc6 4.d4 cxd4 5.Nxd4 Qc7 6.f4 a6 7.Be3 b5 8.a3 Bb7
9.Qf3 Nf6 10.Bd3 Nxd4 11.Bxd4 Bc5 12.Bxc5 Qxc5 13.O-O-O b4 14.axb4 Qxb4 15.Qg3 O-O
16.Rhe1 Rab8 17.e5 Nd5 18.Nxd5 Bxd5 19.b3 Rfc8 20.Qh4 h6 21.Bxa6 Qa3+  1-0

[Event "WCh w Blitz Final"]
[Site "Moscow RUS"]
[Date "2010.09.17"]
[Round "15"]
[White "Kosteniuk,A"]
[Black "Krush,I"]
[Result "0-1"]
[WhiteElo "2524"]
[BlackElo "2490"]

1.e4 c5 2.Nf3 e6 3.d4 cxd4 4.Nxd4 Nc6 5.Nc3 Qc7 6.Be2 a6 7.O-O Nf6 8.Be3 Be7
9.a4 d6 10.f4 O-O 11.Kh1 Re8 12.Bf3 Rb8 13.Nb3 b6 14.g4 Nd7 15.Bg2 Na5 16.Nxa5 bxa5
17.Rb1 Bb7 18.g5 Bf8 19.Rf3 g6 20.Rh3 Bg7 21.Qe1 Bc6 22.b3 Ba8 23.Bd2 Rec8
24.Qh4 Nf8 25.Rf1 Qc5 26.f5 exf5 27.exf5 Bxg2+ 28.Kxg2 gxf5 29.Qf2 Ng6 30.Rd3 f4
31.Qxc5 Rxc5 32.Rd1 Rxg5+ 33.Kf1 Rc5 34.Ne4 Rxc2 35.Bxa5 d5 36.Rxd5 Rxb3
37.Rd8+ Bf8 38.Nf6+ Kg7 39.Nd5 Rf3+ 40.Kg1 Bc5+ 41.Kh1 Rff2 42.Bc3+ Kh6 43.Bd4 Rxh2+
44.Kg1 Rcg2+ 45.Kf1 Bxd4 46.Rxd4 Ra2 47.Kg1 f3 48.Nf6 Rhg2+ 49.Kf1 Ra1+ 50.Rd1 Rxd1+
51.Rxd1 Ne5 52.Rd4 Kg5 53.Ne4+ Kf5 54.Nd6+ Ke6 55.Ne4 h5 56.Rd6+ Kf5 57.Nf2 Ng4
58.Rd5+ Kf4 59.Nh3+ Kg3 60.Rxh5 Ne3+ 61.Ke1 Re2+  0-1

[Event "WCh w Blitz Final"]
[Site "Moscow RUS"]
[Date "2010.09.18"]
[Round "22"]
[White "Kosintseva,T"]
[Black "Krush,I"]
[Result "1-0"]
[WhiteElo "2573"]
[BlackElo "2490"]

1.e4 c5 2.Nf3 e6 3.d4 cxd4 4.Nxd4 Nc6 5.Nc3 Qc7 6.Be3 a6 7.Qd2 Nf6 8.O-O-O Bb4
9.f3 Ne5 10.Nb3 b5 11.Qe1 Rb8 12.Qg3 Nh5 13.Qf2 O-O 14.Bc5 Bxc5 15.Qxc5 Qxc5
16.Nxc5 Rd8 17.Rd6 b4 18.N3a4 a5 19.Be2 Kf8 20.Rhd1 Ke7 21.g3 Nf6 22.f4 Nc6
23.e5 Ne8 24.R6d2 d5 25.exd6+ Rxd6 26.Bf3 Na7 27.Ne4 Rxd2 28.Rxd2 Bb7 29.Nac5 Bc6
30.Ng5 Nd6 31.Nb3 Bxf3 32.Nxf3 a4 33.Nbd4 Ne4 34.Re2 f5 35.Nd2 Rd8 36.Nxe4 Rxd4
37.Nc5 a3 38.bxa3 bxa3 39.Rxe6+ Kf7 40.Ra6 Nb5 41.Ne6 Rb4 42.Ng5+ Ke7 43.c3 Rb2
44.c4 Nd4 45.Rxa3 Rxh2 46.Ra7+ Kd6 47.Rxg7 Kc5 48.Rxh7 Rxa2 49.Rc7+ Kb4 50.Kd1 Kc3
51.Ke1 Kd3 52.Kf1 Ra1+ 53.Kg2 Ra2+ 54.Kh3 Ra1 55.c5 Ke3 56.g4 Kf2 57.gxf5 Nxf5  1-0

[Event "WCh w Blitz Final"]
[Site "Moscow RUS"]
[Date "2010.09.18"]
[Round "29"]
[White "Gaponenko,I"]
[Black "Krush,I"]
[Result "1-0"]
[WhiteElo "2469"]
[BlackElo "2490"]

1.e4 c5 2.Nf3 e6 3.d4 cxd4 4.Nxd4 Nc6 5.Nc3 Qc7 6.Be3 a6 7.Qd2 Nf6 8.O-O-O Bb4
9.f3 Ne5 10.Nb3 b5 11.Qd4 Nc6 12.Qb6 Qxb6 13.Bxb6 Bxc3 14.bxc3 d5 15.Nc5 O-O
16.g4 Ne5 17.g5 Nfd7 18.Nxd7 Nxd7 19.Bc7 dxe4 20.fxe4 Ra7 21.Bd6 Re8 22.c4 Bb7
23.cxb5 Bxe4 24.Rg1 Rc8 25.Rd2 axb5 26.Bxb5 Nb6 27.Rg4 Bd5 28.a4 Nc4 29.Bxc4 Bxc4
30.Rxc4 Rxc4 31.Bb8 h6 32.Bxa7 Rxa4 33.Be3 hxg5 34.Bxg5 f6 35.Be3 e5 36.Kb2 f5
37.Rd5 f4 38.Bd2 Re4 39.Rd3 g5 40.h3 Kf7 41.Kb3 Ke6 42.c4 Re2 43.c5 e4 44.Rd6+ Ke7
45.Bb4 f3 46.c6 f2 47.Rd1+ Ke6 48.c7 Re3+ 49.Ka4  1-0

[Event "EYCC Boys U14"]
[Site "Batumi GEO"]
[Date "2010.09.21"]
[Round "2"]
[White "Taube,G"]
[Black "Mirzoev,E"]
[Result "1-0"]
[WhiteElo "1926"]
[BlackElo "2109"]

1.e4 c5 2.Nf3 e6 3.d4 cxd4 4.Nxd4 Nc6 5.Nc3 Qc7 6.Be3 a6 7.Bd3 Nf6 8.O-O Ne5
9.h3 Bc5 10.Kh1 d6 11.f4 Ng6 12.f5 e5 13.fxg6 hxg6 14.Rxf6 gxf6 15.Nd5 Qd8
16.Nf3 Bxe3 17.Nxe3 Be6 18.Bc4 Rc8 19.Qd3 Qd7 20.Nd5 Bxd5 21.Bxd5 Ke7 22.Rf1 Rh7
23.Nh2 Rh4 24.Rf3 Rf4 25.Rxf4 exf4 26.Ng4 f5 27.Nh6 Qb5 28.c4 Qxb2 29.exf5 Qc1+
30.Kh2 Qe3 31.Qb1 b5 32.fxg6 fxg6 33.Ng4 Qg3+ 34.Kh1 f3 35.Bxf3 Rxc4 36.Ne3 Rc5
37.Nd5+ Kd8 38.Nb4 Kd7 39.Nd3 Rc3 40.Qd1 Ra3 41.Qe2 Rc3 42.Qe4  1-0

[Event "EYCC Boys U18"]
[Site "Batumi GEO"]
[Date "2010.09.21"]
[Round "2"]
[White "Firat,B"]
[Black "Massoni,M"]
[Result "0-1"]
[WhiteElo "2424"]
[BlackElo "2299"]

1.e4 c5 2.Nf3 e6 3.d4 cxd4 4.Nxd4 Nc6 5.Nc3 Qc7 6.Be3 a6 7.Qd2 Nf6 8.O-O-O Be7
9.f3 O-O 10.g4 b5 11.g5 Nh5 12.Nce2 Rd8 13.Ng3 Nxd4 14.Bxd4 Nf4 15.h4 Bb7
16.Qf2 Rdc8 17.Bb6 Qc6 18.Be3 Qc7 19.Qd2 Ng6 20.f4 Bd6 21.e5 Bb4 22.Qh2 Bxh1
23.Nxh1 Bc5  0-1

[Event "EYCC Girls U12"]
[Site "Batumi GEO"]
[Date "2010.09.22"]
[Round "3"]
[White "Gueci,Tea"]
[Black "Hojjatova,Aydan"]
[Result "0-1"]
[WhiteElo "1789"]
[BlackElo "1818"]

1.e4 c5 2.Nf3 e6 3.d4 cxd4 4.Nxd4 Nc6 5.Nc3 d6 6.Bb5 Bd7 7.O-O Be7 8.a4 Nf6
9.Be3 O-O 10.Re1 a6 11.Bc4 Rc8 12.Bb3 Na5 13.Qf3 b6 14.Qg3 Kh8 15.Rad1 Nxb3
16.cxb3 g6 17.Bh6 Nh5 18.Qd3 Re8 19.Qxa6 e5 20.Nde2 f5 21.exf5 gxf5 22.f4 Bh4
23.Rf1 Re6 24.fxe5 Rxh6 25.exd6 Rg6 26.Nf4 Nxf4 27.Rxf4 Qg5 28.Qf1 Rcg8 29.Rd2 Bc6
30.Nd5 Bxd5 31.Rxd5 Qxg2+ 32.Qxg2 Rxg2+ 33.Kf1 Rg1+ 34.Ke2 R8g2+ 35.Kd3 Rd1+
36.Kc4 Rc2+  0-1

[Event "EYCC Girls U14"]
[Site "Batumi GEO"]
[Date "2010.09.23"]
[Round "4"]
[White "Kaliadzich,M"]
[Black "Gogishvili,D"]
[Result "0-1"]
[WhiteElo "1866"]
[BlackElo "1899"]

1.e4 c5 2.Nf3 e6 3.Nc3 Nc6 4.d4 cxd4 5.Nxd4 Qc7 6.Be3 a6 7.Bd3 Nf6 8.O-O Bb4
9.f4 d6 10.Kh1 Nxd4 11.Bxd4 e5 12.fxe5 dxe5 13.Rxf6 Bxc3 14.Bb6 Qe7 15.Rd6 Qxd6
16.Bb5+ Ke7 17.Qxd6+ Kxd6 18.Rd1+ Bd4 19.Ba4 Ke7  0-1

[Event "EYCC Boys U18"]
[Site "Batumi GEO"]
[Date "2010.09.23"]
[Round "5"]
[White "Bazeev,G"]
[Black "Potpara,N"]
[Result "1-0"]
[WhiteElo "2348"]
[BlackElo "2157"]

1.e4 c5 2.Nf3 e6 3.d4 cxd4 4.Nxd4 Nc6 5.Nc3 Qc7 6.Be3 a6 7.Qd2 Nf6 8.f3 Be7
9.O-O-O O-O 10.g4 b5 11.g5 Ne8 12.Nxc6 dxc6 13.h4 e5 14.h5 Qa5 15.Qf2 Rb8
16.Kb1 b4 17.Ne2 Nd6 18.Nc1 Nb5 19.Nb3 Qc7 20.g6 Be6 21.Bh3 Bxh3 22.Rxh3 a5
23.Rg1 fxg6 24.hxg6 h6 25.Qe2 Nd6 26.Nc5 Qc8 27.Qh2 Bf6 28.Bxh6 gxh6 29.Rxh6 Nf7
30.Rh8+  1-0

[Event "EYCC Boys U18"]
[Site "Batumi GEO"]
[Date "2010.09.23"]
[Round "5"]
[White "Popilski,G"]
[Black "Baghdasaryan,V"]
[Result "1/2-1/2"]
[WhiteElo "2454"]
[BlackElo "2348"]

1.e4 c5 2.Nf3 e6 3.d4 cxd4 4.Nxd4 Nc6 5.Nc3 Qc7 6.g3 a6 7.Bg2 d6 8.O-O Be7
9.Re1 Bd7 10.Nxc6 Bxc6 11.Qg4 h5 12.Qe2 h4 13.a4 Nf6 14.a5 hxg3 15.hxg3 Kf8
16.Bd2 Rh5 17.b4 Qd7 18.Bf3 Rh7 19.Kg2 g6 20.Rh1 Kg7 21.Bg5 Rah8 22.Qd2  1/2-1/2

[Event "39th Olympiad Women"]
[Site "Khanty-Mansiysk RUS"]
[Date "2010.09.23"]
[Round "3"]
[White "Vega Gutierrez,B"]
[Black "Vasiliev,Olg"]
[Result "1-0"]
[WhiteElo "2233"]
[BlackElo "2293"]

1.e4 c5 2.Ne2 Nc6 3.Nbc3 e6 4.d4 cxd4 5.Nxd4 a6 6.Be2 Qc7 7.O-O Nf6 8.Be3 Bb4
9.Na4 Nxe4 10.Nxc6 Qxc6 11.Nb6 Rb8 12.Qd4 Bf8 13.Bf3 f5 14.Rad1 d6 15.Bf4 Bd7
16.Rfe1 Kf7 17.Bxe4 fxe4 18.Rxe4 Rd8 19.Nc4 Bc8 20.Bg5 Rd7 21.Nb6 Rc7 22.Bd8 Be7
23.Bxc7 Qxc7 24.Qe3 Bd7 25.Nxd7 Qxd7 26.Re1 e5 27.Qb3+ Ke8 28.a4 Kd8 29.Qb6+ Qc7
30.Qa7 Kd7 31.b3 Rb8 32.g3 h6 33.Rc4 Qd8 34.Rc3 Ke6 35.Qe3 Rc8 36.Rxc8 Qxc8
37.Qd3 Qc6 38.c4 b6 39.Rd1 Qc5 40.Qg6+ Bf6 41.Qe8+ Be7 42.Qa8 a5 43.Qf3 Bf6
44.Rd5 Qc7 45.Qh5 Kd7 46.Qf7+ Kc6 47.Qe8+ Kb7 48.Qe6 Kc6 49.h4 Qd7 50.Qg8 Qd8
51.Qh7 Qd7 52.Qe4 Kc7 53.Rb5 Qc6 54.Qg6 Kb7 55.Qf7+ Qc7 56.Qe6 Bd8 57.Rd5 Be7
58.Kg2 Qd8 59.Rd3 Kc6 60.Qd5+ Kc7 61.Rf3 Bf6 62.g4 Qd7 63.g5 hxg5 64.hxg5 Bxg5
65.Rf7 Be7 66.Rxg7 Kd8 67.Qg8+ Kc7 68.Qf7 Kd8 69.Kh2 d5 70.Qxd5 Qxd5 71.cxd5 Kd7
72.Rg6 Bc5 73.Kg2 Bd4 74.f3 Kc7 75.Kf1 Kd7 76.Ke2 Kc7 77.Kd3 Bb2 78.Ke4 Bc3
79.Rc6+  1-0

[Event "39th Olympiad Women"]
[Site "Khanty-Mansiysk RUS"]
[Date "2010.09.23"]
[Round "3"]
[White "Stojkovska,M"]
[Black "Galojan,L"]
[Result "0-1"]
[WhiteElo "1928"]
[BlackElo "2373"]

1.e4 c5 2.Nf3 e6 3.Nc3 Nc6 4.d4 cxd4 5.Nxd4 Qc7 6.Nb3 a6 7.Bd3 b5 8.O-O Bb7
9.Be3 d6 10.f4 Nf6 11.Qe1 Be7 12.Qg3 O-O 13.f5 Ne5 14.Bh6 Neg4 15.Bxg7 Kxg7
16.h3 Qb6+ 17.Kh1 h5 18.hxg4 hxg4 19.Rf2 Rh8+ 20.Kg1 Rh5 21.Kf1 e5 22.Ke2 b4
23.Nd1 d5 24.Nd2 dxe4 25.Bxe4 Rd8 26.Bd3 e4 27.Bc4 Rxd2+ 28.Kxd2 Qd4+ 29.Kc1 Qxc4
30.Qe5 Qc5 31.Qf4 Bd6 32.Qd2 Be5 33.Rf1 Qd4 34.Qe2 Rh2 35.Rb1 Bc6 36.Qxa6 Rxg2
37.Qxc6 Qd2+  0-1

[Event "39th Olympiad Women"]
[Site "Khanty-Mansiysk RUS"]
[Date "2010.09.23"]
[Round "3"]
[White "Neo,X"]
[Black "Guichard,P"]
[Result "0-1"]
[WhiteElo "1846"]
[BlackElo "2293"]

1.e4 c5 2.Nf3 e6 3.d4 cxd4 4.Nxd4 Nc6 5.Nc3 Qc7 6.Be3 a6 7.Be2 Nf6 8.O-O Bb4
9.Na4 Be7 10.Nxc6 bxc6 11.Nb6 Rb8 12.Nxc8 Qxc8 13.e5 Nd5 14.Bc1 f6 15.c4 Nb6
16.Bf4 f5 17.b3 O-O 18.Qd2 Qc7 19.Rfd1 Rfd8 20.Qa5 c5 21.Rd3 g5 22.Rg3 Kh8
23.Bd2 Rg8 24.Qc3 Rg7 25.Qc1 f4 26.Rd3 Qxe5 27.Bg4 Qe4 28.Qc2 Bf6 29.Re1 Qg6
30.Bf3 Kg8 31.Be4 Qf7 32.Bc3 Re8 33.Bb7 Bxc3 34.Qxc3 d5 35.Bxa6 d4 36.Qd2 e5
37.Bb5 Re6 38.f3 g4 39.a4 gxf3 40.Rxf3 e4 41.Qxf4 Rxg2+  0-1

[Event "39th Olympiad Men"]
[Site "Khanty-Mansiysk RUS"]
[Date "2010.09.23"]
[Round "3"]
[White "Timofeev,Arty"]
[Black "Palacios,E"]
[Result "1-0"]
[WhiteElo "2690"]
[BlackElo "2184"]

1.e4 c5 2.Nf3 e6 3.d4 cxd4 4.Nxd4 Nc6 5.Nc3 a6 6.Nxc6 bxc6 7.Bd3 d5 8.O-O Nf6
9.Re1 Be7 10.Bf4 O-O 11.Qf3 g6 12.Rad1 e5 13.Bxe5 Bg4 14.Qf4 Bxd1 15.Rxd1 Nh5
16.Qf3 Bf6 17.Bxf6 Nxf6 18.exd5 cxd5 19.Bc4 Qb6 20.Nxd5 Nxd5 21.Bxd5 Ra7
22.b3 a5 23.h4 h5 24.g3 Re7 25.Qf4 Kg7 26.Kg2 Re2 27.Rc1 Qc5 28.Bc4 Re5 29.Rd1 Rf5
30.Qd4+ Qxd4 31.Rxd4 Re8 32.Bd3 Rfe5 33.a3 R8e7 34.Kf3 f6 35.b4 axb4 36.axb4 g5
37.b5 Rc5 38.c4 Re1 39.b6 Re7 40.Be4 Rc8 41.b7 g4+ 42.Kf4 Rb8 43.c5 Kf7 44.c6  1-0

[Event "39th Olympiad Men"]
[Site "Khanty-Mansiysk RUS"]
[Date "2010.09.23"]
[Round "3"]
[White "Alekseev,Evgeny"]
[Black "Cordova,E"]
[Result "1-0"]
[WhiteElo "2691"]
[BlackElo "2539"]

1.e4 c5 2.Nf3 e6 3.d4 cxd4 4.Nxd4 Nc6 5.Nc3 Qc7 6.g3 a6 7.Bg2 Nf6 8.Nb3 Be7
9.O-O d6 10.f4 Bd7 11.Qe2 Rc8 12.Kh1 b5 13.a3 h6 14.Be3 O-O 15.g4 Nh7 16.Qf2 Bf6
17.Rad1 Ne7 18.e5 dxe5 19.Bb6 Qc4 20.Rxd7 Ng6 21.Nd2 Qxf4 22.Qe2 Rxc3 23.Rxf4 Nxf4
24.Qd1 Rcc8 25.Ne4 Nxg2 26.Kxg2 Rc4 27.Qe2 Bh4 28.b3 Rcc8 29.c4 bxc4 30.bxc4 Rc6
31.c5 f5 32.gxf5 Rxf5 33.Qxa6  1-0

[Event "39th Olympiad Men"]
[Site "Khanty-Mansiysk RUS"]
[Date "2010.09.23"]
[Round "3"]
[White "Battulga,N"]
[Black "Hasan,Me"]
[Result "1-0"]
[WhiteElo "2421"]
[BlackElo "2322"]

1.e4 c5 2.Nf3 e6 3.d4 cxd4 4.Nxd4 Nc6 5.Nc3 Qc7 6.Be2 a6 7.O-O Nf6 8.Be3 Be7
9.f4 d6 10.a4 O-O 11.Kh1 Re8 12.Bf3 Rb8 13.g4 Nd7 14.g5 b6 15.Bg2 Bb7 16.Qh5 b5
17.axb5 Nxd4 18.Bxd4 axb5 19.Rf3 b4 20.Rh3 Nf8 21.Ne2 Qxc2 22.Ng3 Ra8 23.Rg1 Ra2
24.Bxg7 Kxg7 25.f5 Qxb2 26.f6+ Bxf6 27.Qh6+  1-0

[Event "EYCC Boys U12"]
[Site "Batumi GEO"]
[Date "2010.09.24"]
[Round "6"]
[White "Sanal,V"]
[Black "Vorontsov,P"]
[Result "1/2-1/2"]
[WhiteElo "2170"]
[BlackElo "1969"]

1.e4 c5 2.Nf3 e6 3.Nc3 Nc6 4.d4 cxd4 5.Nxd4 a6 6.g3 Qc7 7.Bg2 Nge7 8.O-O Nxd4
9.Qxd4 Nc6 10.Qd1 Be7 11.Be3 O-O 12.f4 f6 13.Qh5 b5 14.Rad1 Bb7 15.g4 Na5
16.f5 Nc4 17.Bf4 e5 18.Bc1 Bc5+ 19.Kh1 Be3 20.b3 Bxc1 21.bxc4 Bf4 22.c5 Qxc5
23.Rxd7 Bc6 24.Rd3 Rad8 25.Nd5 Bxd5 26.exd5 Qxc2 27.Qh3 Rd6 28.a3 Rc8 29.Rfd1 Rc4
30.Re1 Qf2 31.Rdd1 Rc2 32.Rf1 Qc5 33.Qh5 Qc8 34.Qh3 Qc5 35.Qh5 Qc8  1/2-1/2

[Event "39th Olympiad Women"]
[Site "Khanty-Mansiysk RUS"]
[Date "2010.09.24"]
[Round "4"]
[White "Krivec,J"]
[Black "Hoolt,S"]
[Result "1/2-1/2"]
[WhiteElo "2309"]
[BlackElo "2251"]

1.e4 c5 2.Nf3 e6 3.d4 cxd4 4.Nxd4 Nc6 5.Nc3 Qc7 6.g3 a6 7.Bg2 d6 8.O-O Bd7
9.a4 Nxd4 10.Qxd4 Ne7 11.Be3 Nc6 12.Qc4 Qa5 13.f4 Rc8 14.Qe2 Be7 15.Qf2 O-O
16.Bb6 Qh5 17.h3 f5 18.exf5 Qxf5 19.g4 Qg6 20.Qd2 Nb4 21.Rf2 Bc6 22.Raf1 Bxg2
23.Rxg2 Qh6 24.Qe3 d5 25.Re2 Rc6 26.Bd4 Bd8 27.Kg2 Bc7 28.Be5 Bb6 29.Bd4 Bc7
30.Be5 Bb6 31.Bd4 Bc7  1/2-1/2

[Event "39th Olympiad Women"]
[Site "Khanty-Mansiysk RUS"]
[Date "2010.09.24"]
[Round "4"]
[White "Calzetta Ruiz,M"]
[Black "Voicu,C"]
[Result "1/2-1/2"]
[WhiteElo "2280"]
[BlackElo "2313"]

1.e4 c5 2.Nc3 e6 3.Nge2 Nc6 4.d4 cxd4 5.Nxd4 d6 6.Nxc6 bxc6 7.Bd3 Nf6 8.O-O Be7
9.f4 e5 10.fxe5 dxe5 11.Kh1 Be6 12.Qe1 O-O 13.Qg3 Qc7 14.b3 Kh8 15.Nd1 Rfd8
16.Bb2 Nd7 17.Ne3 f6 18.Bc4 Nc5 19.Nf5 Bf8 20.Bxe6 Nxe6 21.Bc3 Rd7 22.h4 Qd8
23.Qg4 Qe8 24.Rad1 Rad8 25.Rxd7 Rxd7 26.a4 Nf4 27.g3 Ne6 28.Kg2 Qg6 29.Qf3 Qe8
30.Qg4 Qg6 31.Qf3 Qe8 32.Qg4  1/2-1/2

[Event "39th Olympiad Women"]
[Site "Khanty-Mansiysk RUS"]
[Date "2010.09.24"]
[Round "4"]
[White "Llaneza Vega,P"]
[Black "Bulmaga,I"]
[Result "0-1"]
[WhiteElo "2207"]
[BlackElo "2267"]

1.e4 c5 2.Nf3 e6 3.d4 cxd4 4.Nxd4 Nc6 5.Nc3 Qc7 6.Be3 a6 7.Qd2 Nf6 8.O-O-O b5
9.Bf4 e5 10.Nxc6 exf4 11.e5 dxc6 12.exf6 Be6 13.Qd4 g6 14.Re1 Rd8 15.Qe4 Bh6
16.Qf3 O-O 17.Bd3 Rfe8 18.Kb1 Qa5 19.Qxc6 Bxa2+ 20.Kc1 f3+ 21.Re3 Rxe3 22.fxe3 Bxe3+
23.Kd1 Rxd3+ 24.Ke1 Rd1+  0-1

[Event "39th Olympiad Women"]
[Site "Khanty-Mansiysk RUS"]
[Date "2010.09.24"]
[Round "4"]
[White "Dewi,A"]
[Black "Guichard,P"]
[Result "0-1"]
[WhiteElo "1987"]
[BlackElo "2293"]

1.e4 c5 2.Nf3 e6 3.d4 cxd4 4.Nxd4 Nc6 5.Nc3 Qc7 6.Be2 a6 7.O-O Nf6 8.Be3 Bb4
9.Na4 Be7 10.Nxc6 bxc6 11.Nb6 Rb8 12.Nxc8 Qxc8 13.Bd4 Qc7 14.Bf3 e5 15.Bc3 O-O
16.Qe2 a5 17.Rad1 Rfe8 18.g3 Bb4 19.Bxb4 Rxb4 20.c3 Rb7 21.Bg2 a4 22.Rd2 Qa5
23.Qc4 Reb8 24.Rb1 Qb5 25.Qf1 Qxf1+ 26.Kxf1 Kf8 27.Ke2 Ke7 28.Kd3 Ne8 29.f3 Nc7
30.Kc2 Nb5 31.Rdd1 Nd6 32.Bf1 f5 33.exf5 Nxf5 34.Re1 Kf6 35.Bd3 d5 36.Bxf5 Kxf5
37.b4 axb3+ 38.axb3 h5 39.b4 Ra7 40.Rb2 g5 41.Kd3 c5 42.Rbe2 c4+ 43.Kd2 Ra2+
44.Ke3 Rba8 45.h3 d4+ 46.cxd4 R8a3+ 47.Kf2 exd4 48.Rc1 Rxe2+ 49.Kxe2 Ra2+
50.Kd1 c3 51.Rc2 Ra4 52.Re2 d3  0-1